Statistics for Top Five Countries

Click here to take the quiz!

General Stats

  • This quiz has been taken 30 times
  • The average score is 10 of 13

Answer Stats

Country% Correct
China
100%
India
100%
Russia
100%
United States
100%
Canada
97%
Brazil
93%
Indonesia
90%
Pakistan
72%
Tokyo
66%
Shanghai
62%
Delhi
52%
Sao Paulo
45%
Dhaka
24%

Score Distribution

Percentile by Number Answered

Percent of People with Each Score

Your Score History

You have not taken this quiz